[Event "ROM-ch U18 Girls"]
[Site "Calimanesti Caciulata"]
[Date "2019.04.22"]
[Round "9"]
[White "Popa, Catalina Elena"]
[Black "Aciu, Malina Andreea"]
[Result "0-1"]
[WhiteElo "1680"]
[BlackElo "2071"]
[PlyCount "118"]
[EventDate "2019.04.15"]
[EventType "swiss"]
[EventRounds "9"]
[EventCountry "ROU"]
[SourceTitle "CBM 190 Extra"]
[Source "ChessBase"]
[SourceDate "2019.07.15"]
[SourceVersion "1"]
[SourceVersionDate "2019.07.15"]
[SourceQuality "1"]

1. d4 d5 2. Bf4 Nf6 3. e3 e6 4. Nd2 c5 5. c3 Bd6 6. Bg3 0-0 7. Ngf3 Nc6 8. Bd3 b6 9. Qe2 Bb7 10. Rd1 Ne7 11. e4 dxe4 12. Nxe4 Nxe4 13. Bxe4 Bxe4 14. Qxe4 c4 15. 0-0 Bxg3 16. hxg3 Qd5 17. Qh4 Ng6 18. Qh3 b5 19. Rfe1 Rfd8 20. Rd2 a5 21. Rde2 b4 22. Ne5 Nf8 23. f4 Rab8 24. g4 a4 25. g5 a3 26. bxa3 bxa3 27. Qh5 Rb7 28. Kf2 Qa5 29. Nc6 Qxc3 30. Nxd8 Qxd4+ 31. Kf1 Qxd8 32. Qf3 Qc7 33. Re3 Ra7 34. Rc1 Nd7 35. Rcc3 g6 36. Qe4 Nb6 37. Rxa3 Nd5 38. Rf3 c3 39. Rxa7 Qxa7 40. Qe2 Qc5 41. Qe1 c2 42. Qc1 Qc4+ 43. Kg1 Qxa2 44. Rf2 Nb4 45. Qd2 c1Q+ 46. Qxc1 Qxf2+ 47. Kh1 Qd4 48. g3 Nd3 49. Qc2 Qa1+ 50. Kh2 Qb2 51. Qxb2 Nxb2 52. Kg2 Nc4 53. Kf3 Kg7 54. Ke4 f6 55. gxf6+ Kxf6 56. Kf3 e5 57. fxe5+ Nxe5+ 58. Kg2 Kg5 59. Kh3 h5 0-1

[Event "ROM-ch U18 Girls"]
[Site "Calimanesti Caciulata"]
[Date "2019.04.18"]
[Round "5"]
[White "Cristocea, Gabriela"]
[Black "Popa, Catalina Elena"]
[Result "1-0"]
[WhiteElo "1724"]
[BlackElo "1680"]
[PlyCount "71"]
[EventDate "2019.04.15"]
[EventType "swiss"]
[EventRounds "9"]
[EventCountry "ROU"]
[SourceTitle "CBM 190 Extra"]
[Source "ChessBase"]
[SourceDate "2019.07.15"]
[SourceVersion "1"]
[SourceVersionDate "2019.07.15"]
[SourceQuality "1"]

1. d4 Nf6 2. c4 d6 3. Nf3 Nbd7 4. Nc3 e5 5. e4 Be7 6. Be2 0-0 7. 0-0 Re8 8. d5 Nc5 9. Qc2 a5 10. g3 Bf8 11. h3 a4 12. Be3 Nb3 13. Rab1 Bd7 14. Qd3 g6 15. Nd2 Nc5 16. Qc2 Bg7 17. f4 exf4 18. Bxf4 Qe7 19. Bf3 Bc8 20. Nb5 b6 21. Rbe1 Ba6 22. e5 Bxb5 23. cxb5 dxe5 24. Bxe5 Rad8 25. Nc4 Qf8 26. Bxc7 Nxd5 27. Bxd8 Rxd8 28. Bxd5 Rxd5 29. Nxb6 Bd4+ 30. Kh1 Rh5 31. Rd1 Ne6 32. Nd7 Qe7 33. Rxd4 Nxd4 34. Nf6+ Kg7 35. Nxh5+ gxh5 36. Qc3 1-0

[Event "ROM-ch U18 Girls"]
[Site "Calimanesti Caciulata"]
[Date "2019.04.16"]
[Round "2"]
[White "Popa, Catalina Elena"]
[Black "Minnich, Mihaela Cristiana"]
[Result "1-0"]
[WhiteElo "1680"]
[BlackElo "1348"]
[PlyCount "120"]
[EventDate "2019.04.15"]
[EventType "swiss"]
[EventRounds "9"]
[EventCountry "ROU"]
[SourceTitle "CBM 190 Extra"]
[Source "ChessBase"]
[SourceDate "2019.07.15"]
[SourceVersion "1"]
[SourceVersionDate "2019.07.15"]
[SourceQuality "1"]

1. d4 Nf6 2. Bf4 e6 3. e3 d5 4. Nd2 Bd6 5. Bg3 0-0 6. Bd3 Re8 7. Ngf3 Nc6 8. c3 e5 9. dxe5 Nxe5 10. Nxe5 Bxe5 11. Nf3 Bd6 12. Qc2 Ne4 13. Bxd6 Qxd6 14. 0-0 Bf5 15. Nh4 Bg6 16. Nxg6 fxg6 17. Rad1 Qe6 18. c4 c6 19. cxd5 cxd5 20. Bb5 Red8 21. Rd4 Rac8 22. Qd1 a6 23. Be2 Nf6 24. Qb3 Rd7 25. Rfd1 Rcd8 26. Bf3 Qf7 27. h3 h5 28. R1d2 Kf8 29. Qa3+ Kg8 30. Qa5 Kh7 31. b4 Ne4 32. Bxe4 dxe4 33. Qxd8 Rxd8 34. Rxd8 Qc4 35. R8d4 Qc1+ 36. Kh2 Qc7+ 37. Kg1 Qc1+ 38. Rd1 Qc2 39. a3 Qb3 40. Ra1 Qb2 41. Rdd1 h4 42. Rdb1 Qe2 43. a4 b5 44. axb5 axb5 45. Rd1 Qb2 46. Rab1 Qc2 47. Rf1 Qd3 48. Rbd1 Qb3 49. Rd4 Qe6 50. f3 exf3 51. Rxh4+ Kg8 52. Rxf3 g5 53. Rg4 Qe5 54. Rfg3 Qa1+ 55. Kh2 Qb2 56. Rd4 Qe2 57. Rxg5 Qxe3 58. Rdg4 Qe7 59. Rxg7+ Qxg7 60. Rxg7+ Kxg7 1-0

[Event "ROM-chT (Women)"]
[Site "Sovata"]
[Date "2018.11.29"]
[Round "5.4"]
[White "Popa, Catalina Elena"]
[Black "Visanescu, Daria Ioana"]
[Result "0-1"]
[WhiteElo "1746"]
[BlackElo "2096"]
[PlyCount "98"]
[EventDate "2018.11.25"]
[EventType "team-tourn"]
[EventRounds "7"]
[EventCountry "ROU"]
[SourceTitle "CBM 187 Extra"]
[Source "ChessBase"]
[SourceDate "2018.11.04"]
[SourceVersion "1"]
[SourceVersionDate "2018.11.04"]
[SourceQuality "1"]
[WhiteTeam "Ploiesti CSU (W)"]
[BlackTeam "Arnia Chessit (W)"]
[WhiteTeamCountry "ROU"]
[BlackTeamCountry "ROU"]

1. d4 d5 2. Bf4 e6 3. e3 Nf6 4. Nf3 Bd6 5. Ne5 0-0 6. Nd2 c5 7. c3 b6 8. Bd3 h6 9. Bg3 Bb7 10. f4 Ne4 11. Ndf3 Nd7 12. 0-0 Nxe5 13. fxe5 Be7 14. Qe1 c4 15. Bxe4 dxe4 16. Nd2 b5 17. Qe2 Qd5 18. Qg4 f5 19. exf6 Bxf6 20. Rae1 e5 21. Rf5 Bc8 22. Nxe4 Bxf5 23. Qxf5 Bh4 24. Qg6 Bxg3 25. Nxg3 Qf7 26. Qxf7+ Rxf7 27. d5 Rd8 28. e4 g6 29. Re2 Kf8 30. Nf1 Ke7 31. Nd2 Kd6 32. Nf3 a5 33. Rc2 Rc8 34. a3 g5 35. h3 Rg8 36. Nd2 g4 37. h4 g3 38. a4 Kc5 39. axb5 Kxb5 40. b3 cxb3 41. Nxb3 Kc4 42. Nxa5+ Kd3 43. Rc1 Rgf8 44. Re1 Kd2 45. Ra1 Ke2 46. Ra2+ Kd3 47. Ra1 Ra8 48. c4 Rfa7 49. Ra3+ Kxe4 0-1

[Event "ROM-chT (Women)"]
[Site "Sovata"]
[Date "2018.11.26"]
[Round "2.3"]
[White "Sandu, Mihaela"]
[Black "Popa, Catalina Elena"]
[Result "1-0"]
[WhiteElo "2308"]
[BlackElo "1746"]
[PlyCount "105"]
[EventDate "2018.11.25"]
[EventType "team-tourn"]
[EventRounds "7"]
[EventCountry "ROU"]
[SourceTitle "CBM 187 Extra"]
[Source "ChessBase"]
[SourceDate "2018.11.04"]
[SourceVersion "1"]
[SourceVersionDate "2018.11.04"]
[SourceQuality "1"]
[WhiteTeam "Timisoara Medicina (W)"]
[BlackTeam "Ploiesti CSU (W)"]
[WhiteTeamCountry "ROU"]
[BlackTeamCountry "ROU"]

1. e4 c5 2. Nf3 e6 3. d4 cxd4 4. Nxd4 Nf6 5. Nc3 d6 6. Be2 a6 7. 0-0 Be7 8. Kh1 b5 9. Bf3 Ra7 10. Qe2 0-0 11. a4 b4 12. Na2 d5 13. e5 Ne4 14. Be3 Qc7 15. Bg4 Rb7 16. f4 Bd7 17. Nc1 Nc6 18. Ncb3 Nxd4 19. Nxd4 Nc5 20. b3 Rc8 21. Bg1 Ne4 22. Qxa6 Rb6 23. Qd3 Qb7 24. Be2 Rc3 25. Qd1 Qc7 26. Bd3 Rb8 27. Qe1 Nc5 28. Bb5 Ne4 29. Bd3 Nc5 30. Bb5 Ne4 31. Rd1 Bc5 32. Bd3 Bxd4 33. Bxd4 Rxc2 34. Bxc2 Qxc2 35. Rf3 Rc8 36. h3 Nc3 37. Bxc3 bxc3 38. Rc1 Qxb3 39. Rfxc3 Rxc3 40. Qxc3 Qxa4 41. Qc8+ Be8 42. Rb1 Kf8 43. Qc5+ Kg8 44. Qe7 Qc6 45. Kh2 Qc8 46. Qd6 h6 47. Rb8 Qc1 48. Rxe8+ Kh7 49. Qb4 Qe3 50. Rf8 d4 51. Rxf7 Kg6 52. Qe7 Qe2 53. Qxe6+ 1-0

[Event "ROM-chT (Women)"]
[Site "Sovata"]
[Date "2018.11.25"]
[Round "1.2"]
[White "Popa, Catalina Elena"]
[Black "Ciungan, Diana Alexandra"]
[Result "0-1"]
[WhiteElo "1746"]
[BlackElo "1863"]
[PlyCount "64"]
[EventDate "2018.11.25"]
[EventType "team-tourn"]
[EventRounds "7"]
[EventCountry "ROU"]
[SourceTitle "CBM 187 Extra"]
[Source "ChessBase"]
[SourceDate "2018.11.04"]
[SourceVersion "1"]
[SourceVersionDate "2018.11.04"]
[SourceQuality "1"]
[WhiteTeam "Ploiesti CSU (W)"]
[BlackTeam "Sanandrei (W)"]
[WhiteTeamCountry "ROU"]
[BlackTeamCountry "ROU"]

1. d4 Nf6 2. Bf4 e6 3. e3 d5 4. Nd2 c5 5. c3 Nc6 6. Ngf3 cxd4 7. exd4 Nh5 8. Bg5 f6 9. Be3 g6 10. Bd3 Qc7 11. 0-0 f5 12. Nb3 Bg7 13. Re1 0-0 14. Bf1 b6 15. Nc1 f4 16. Bd2 e5 17. dxe5 Nxe5 18. Nxe5 Bxe5 19. Nd3 Bd6 20. Qb3 Bb7 21. Nb4 Qf7 22. Be2 Nf6 23. Bf3 g5 24. h3 Ne4 25. Rad1 Bc5 26. Nd3 Bd6 27. Qa4 Rfe8 28. Qd4 Bf8 29. Bxe4 dxe4 30. Ne5 Qe6 31. Nc4 Rad8 32. Qe5 Qxe5 0-1

[Event "ROM-chT U18 Girls"]
[Site "Iasi"]
[Date "2018.07.16"]
[Round "4.2"]
[White "Popa, Catalina Elena"]
[Black "Mos, Maria Magdalena"]
[Result "1-0"]
[WhiteElo "1634"]
[BlackElo "1553"]
[PlyCount "109"]
[EventDate "2018.07.13"]
[EventType "team-tourn"]
[EventRounds "6"]
[EventCountry "ROU"]
[SourceTitle "EXT 2019"]
[Source "ChessBase"]
[SourceDate "2018.10.10"]
[SourceVersion "1"]
[SourceVersionDate "2018.10.10"]
[SourceQuality "1"]
[WhiteTeam "Ploiesti Universitar"]
[BlackTeam "Ploiesti Petrolul"]
[WhiteTeamCountry "ROU"]
[BlackTeamCountry "ROU"]

1. d4 d5 2. Bf4 Nf6 3. Nf3 e6 4. e3 Be7 5. Bd3 0-0 6. 0-0 Nbd7 7. h3 c5 8. c3 h6 9. Nbd2 b6 10. Ne5 Nxe5 11. dxe5 Nd7 12. Qg4 Bg5 13. Bg3 f5 14. exf6 Nxf6 15. Qe2 Nd7 16. Nf3 Bf6 17. e4 Bb7 18. exd5 Bxd5 19. c4 Bxf3 20. Qxe6+ Rf7 21. Bg6 Qe8 22. Bxf7+ Qxf7 23. Qxf7+ Kxf7 24. gxf3 Bxb2 25. Rad1 Bd4 26. Bf4 Nf8 27. Rfe1 Bf6 28. Be5 Bg5 29. f4 Bh4 30. Re3 a6 31. Ra3 Be7 32. Bd6 Rd8 33. Rad3 Ne6 34. Bxe7 Kxe7 35. Rxd8 Nxd8 36. Rb1 b5 37. cxb5 axb5 38. Rxb5 Kd6 39. Kf1 Ne6 40. Rb6+ Kd5 41. Rxe6 Kxe6 42. Ke2 Kf5 43. Ke3 c4 44. a4 c3 45. a5 c2 46. Kd2 Kxf4 47. a6 Kf3 48. a7 Kxf2 49. a8Q Kg3 50. Qc8 g5 51. Qg4+ Kh2 52. Kxc2 h5 53. Qxg5 h4 54. Qg4 Kh1 55. Kd2 1-0

[Event "ROM-chT U18 Girls"]
[Site "Iasi"]
[Date "2018.07.13"]
[Round "1.2"]
[White "Mos, Maria Magdalena"]
[Black "Popa, Catalina Elena"]
[Result "1-0"]
[WhiteElo "1553"]
[BlackElo "1634"]
[PlyCount "83"]
[EventDate "2018.07.13"]
[EventType "team-tourn"]
[EventRounds "6"]
[EventCountry "ROU"]
[SourceTitle "EXT 2019"]
[Source "ChessBase"]
[SourceDate "2018.10.10"]
[SourceVersion "1"]
[SourceVersionDate "2018.10.10"]
[SourceQuality "1"]
[WhiteTeam "Ploiesti Petrolul"]
[BlackTeam "Ploiesti Universitar"]
[WhiteTeamCountry "ROU"]
[BlackTeamCountry "ROU"]

1. e4 c6 2. d4 d5 3. exd5 cxd5 4. Bd3 Nc6 5. c3 Qc7 6. h3 g6 7. Ne2 Bg7 8. Bf4 Qd8 9. 0-0 Nf6 10. Nd2 0-0 11. Re1 Bf5 12. Bc2 Bxc2 13. Qxc2 Rc8 14. Qd3 a6 15. Ng3 Re8 16. Nf3 b5 17. a3 Na5 18. Ne5 Qb6 19. Re2 Nc4 20. Rc1 e6 21. Qd1 a5 22. Nxc4 bxc4 23. Qd2 Nd7 24. Nf1 Rc6 25. Ne3 Rec8 26. Ng4 Bf8 27. Rb1 Bxa3 28. Rbe1 Bf8 29. Re3 Qb7 30. Rf3 Rb6 31. Rb1 f5 32. Nh6+ Kg7 33. h4 Ba3 34. Qe1 Rcc6 35. Be5+ Nxe5 36. Qxe5+ Kxh6 37. h5 Be7 38. hxg6 Kxg6 39. Rg3+ Kf7 40. Qh8 Bf6 41. Qxh7+ Ke8 42. Rg8# 1-0

[Event "ROM-ch U18 Girls"]
[Site "Calimanesti"]
[Date "2018.03.29"]
[Round "3"]
[White "Jumbei, Victoria1111"]
[Black "Popa, Catalina Elena"]
[Result "0-1"]
[WhiteElo "1001"]
[BlackElo "1737"]
[PlyCount "122"]
[EventDate "2018.03.27"]
[EventType "swiss"]
[EventRounds "9"]
[EventCountry "ROU"]
[SourceTitle "CBM 183 Extra"]
[Source "ChessBase"]
[SourceDate "2018.04.19"]
[SourceVersion "1"]
[SourceVersionDate "2018.04.19"]
[SourceQuality "1"]

1. e4 c6 2. Nf3 d5 3. d3 dxe4 4. dxe4 Qxd1+ 5. Kxd1 Bg4 6. Be2 Nd7 7. h3 Bh5 8. Nc3 e5 9. Ke1 Bg6 10. a3 Ngf6 11. Bd3 h6 12. Be3 Bd6 13. Nh4 Bh7 14. Nf5 Bxf5 15. exf5 Nd5 16. Nxd5 cxd5 17. c3 0-0 18. f3 a6 19. Ke2 Rfe8 20. Kf2 Nb8 21. Rhd1 Nc6 22. Bc2 d4 23. cxd4 exd4 24. Bc1 Rac8 25. Be4 b5 26. Kf1 Be5 27. Rb1 Rc7 28. Bxc6 Rxc6 29. b4 Bf6 30. Bb2 Re3 31. Bxd4 Bxd4 32. Rxd4 Rxa3 33. Re1 g6 34. fxg6 Rxg6 35. Rd7 Ra2 36. g4 Rf6 37. Re3 Rb2 38. Re2 Rxb4 39. Re8+ Kg7 40. Rdd8 Rxf3+ 41. Kg2 Ra3 42. Rg8+ Kf6 43. Rd2 Rf4 44. Ra8 Rfa4 45. Rad8 Ra2 46. Rf2+ Rxf2+ 47. Kxf2 Ra3 48. Rd6+ Kg7 49. h4 b4 50. Ke2 a5 51. Rd5 a4 52. Kd2 Ra2+ 53. Kc1 b3 54. Rb5 Rh2 55. Rb4 b2+ 56. Rxb2 Rxb2 57. Kxb2 Kf6 58. Ka3 Ke5 59. Kxa4 Kf4 60. g5 Kf5 61. gxh6 Kg6 0-1

[Event "Braila Albulet Memorial (Women) 10th"]
[Site "Braila"]
[Date "2017.10.13"]
[Round "8"]
[White "Popa, Catalina Elena"]
[Black "Djukic, Sandra"]
[Result "0-1"]
[WhiteElo "1731"]
[BlackElo "2084"]
[PlyCount "118"]
[EventDate "2017.10.07"]
[EventType "swiss"]
[EventRounds "9"]
[EventCountry "ROU"]
[SourceTitle "CBM 181 Extra"]
[Source "ChessBase"]
[SourceDate "2017.12.12"]
[SourceVersion "1"]
[SourceVersionDate "2017.12.12"]
[SourceQuality "1"]

1. e4 c5 2. Nf3 Nc6 3. d4 cxd4 4. Nxd4 Qc7 5. Nc3 e6 6. g3 a6 7. Bg2 d6 8. 0-0 Bd7 9. Be3 Be7 10. Nb3 Nf6 11. f4 b5 12. Qe2 0-0 13. Rad1 Be8 14. Bf2 Rb8 15. Rfe1 Nd7 16. Nd5 exd5 17. exd5 Nce5 18. fxe5 Nxe5 19. Nc5 Qa5 20. a3 Rc8 21. Bd4 Ng6 22. Nd3 Bd7 23. Bc3 Rxc3 24. bxc3 Qxc3 25. Qd2 Rc8 26. Qxc3 Rxc3 27. Nf4 Kf8 28. Nxg6+ hxg6 29. Be4 Bf6 30. Ra1 Bd4+ 31. Kg2 Bc5 32. Rf1 Kg8 33. Rf3 Rc4 34. Bd3 Rd4 35. Raf1 f5 36. Re1 Kf8 37. h3 Rxd5 38. c4 Rd4 39. cxb5 axb5 40. Kh2 Bc6 41. Rfe3 Ra4 42. Bc2 Ra7 43. Rb3 Kf7 44. Bd3 Bd5 45. Rxb5 Rxa3 46. Bb1 Bc4 47. Rb7+ Kf6 48. Rd1 d5 49. Rc7 Bf2 50. Rc6+ Kg5 51. g4 Be3 52. Re1 Bf4+ 53. Kg2 Rg3+ 54. Kf2 Rxh3 55. Ree6 Rh2+ 56. Kg1 Rb2 57. Rxg6+ Kh4 58. Bxf5 Be3+ 59. Kh1 Kg3 0-1

[Event "ROM-ch U16 Girls"]
[Site "Baile Felix"]
[Date "2017.02.08"]
[Round "8"]
[White "Popa, Catalina Elena"]
[Black "Nistor, Valentina"]
[Result "0-1"]
[WhiteElo "1749"]
[BlackElo "1714"]
[PlyCount "72"]
[EventDate "2017.02.02"]
[EventType "swiss"]
[EventRounds "9"]
[EventCountry "ROU"]
[SourceTitle "CBM 176 Extra"]
[Source "ChessBase"]
[SourceDate "2017.03.02"]
[SourceVersion "1"]
[SourceVersionDate "2017.03.02"]
[SourceQuality "1"]

1. e4 e5 2. d3 Nf6 3. f4 d6 4. Nf3 Nc6 5. Nc3 Be7 6. Be2 0-0 7. f5 d5 8. Bg5 dxe4 9. dxe4 a6 10. Qxd8 Bxd8 11. Bxf6 Bxf6 12. Nd5 Bd8 13. 0-0-0 f6 14. g4 Ne7 15. Bc4 Kh8 16. h4 Nxd5 17. Bxd5 g6 18. fxg6 hxg6 19. Rdg1 c6 20. Bb3 Kg7 21. h5 g5 22. Nh2 b5 23. Rd1 Be7 24. c3 Ra7 25. Rd3 a5 26. Bd1 Be6 27. a3 b4 28. cxb4 axb4 29. axb4 Bxb4 30. Kc2 Bc4 31. Re3 Rd8 32. Nf1 Ra1 33. b3 Rdxd1 34. bxc4 Rxf1 35. Rhh3 Rf2+ 36. Kb3 c5 0-1

[Event "ROM-ch U16 Girls"]
[Site "Baile Felix"]
[Date "2017.02.07"]
[Round "7"]
[White "Paraschiv, Petronela Alexandra"]
[Black "Popa, Catalina Elena"]
[Result "1/2-1/2"]
[WhiteElo "1762"]
[BlackElo "1749"]
[PlyCount "163"]
[EventDate "2017.02.02"]
[EventType "swiss"]
[EventRounds "9"]
[EventCountry "ROU"]
[SourceTitle "CBM 176 Extra"]
[Source "ChessBase"]
[SourceDate "2017.03.02"]
[SourceVersion "1"]
[SourceVersionDate "2017.03.02"]
[SourceQuality "1"]

1. c4 c6 2. g3 d5 3. cxd5 cxd5 4. Bg2 Nc6 5. d4 Bf5 6. Nc3 e6 7. a3 Bd6 8. Nf3 h6 9. 0-0 Nf6 10. e3 0-0 11. b3 Rc8 12. Bb2 a6 13. Rc1 Na5 14. Nd2 Qe7 15. b4 Nc4 16. Nxc4 Rxc4 17. Qb3 b5 18. Rfe1 Rfc8 19. Bf1 R4c6 20. f3 Bg6 21. e4 dxe4 22. fxe4 Nxe4 23. Bg2 f5 24. Nxe4 Rxc1 25. Bxc1 fxe4 26. Bd2 Qf6 27. Qe3 Rc4 28. Bc3 Bc7 29. Ba1 Bb6 30. Rd1 Bh5 31. Rf1 Bxd4 32. Bxd4 Qxd4 33. Qxd4 Rxd4 34. Bh3 Rd6 35. g4 Bg6 36. Re1 Rd3 37. Bg2 e3 38. Ra1 e2 39. Re1 Rxa3 40. Rxe2 Kf7 41. Bb7 Bd3 42. Re3 Ra1+ 43. Kf2 Bc4 44. Kg3 a5 45. bxa5 Rxa5 46. Re5 Ra3+ 47. Kf4 Ra2 48. h4 Rd2 49. Rc5 Rd4+ 50. Kg3 Be2 51. g5 hxg5 52. hxg5 b4 53. Re5 Bg4 54. Be4 Bd1 55. Bb1 b3 56. Rb5 Rd7 57. Kf4 Rc7 58. Bd3 Bc2 59. Be2 Ra7 60. Ke5 Rd7 61. Bc4 Ra7 62. Bxe6+ Kg6 63. Kf4 Ra4+ 64. Kg3 Rd4 65. Kf2 Rf4+ 66. Kg3 Rd4 67. Kf2 Rd6 68. Bxb3 Bxb3 69. Rxb3 Kxg5 70. Kg3 Rd5 71. Rb4 Rd3+ 72. Kg2 Kh5 73. Rc4 g5 74. Rb4 Ra3 75. Rc4 g4 76. Rc8 Rd3 77. Rh8+ Kg5 78. Rg8+ Kf4 79. Rf8+ Ke3 80. Re8+ Kd2 81. Rg8 Rd4 82. Kg3 1/2-1/2

[Event "Braila Albulet Memorial (Women) 9th"]
[Site "Braila"]
[Date "2016.11.12"]
[Round "9"]
[White "Popa, Catalina Elena"]
[Black "Panainte, Andreea Bianca"]
[Result "1-0"]
[WhiteElo "1785"]
[BlackElo "1982"]
[PlyCount "139"]
[EventDate "2016.11.05"]
[EventType "swiss"]
[EventRounds "9"]
[EventCountry "ROU"]
[SourceTitle "CBM 175 Extra"]
[Source "ChessBase"]
[SourceDate "2016.12.12"]
[SourceVersion "1"]
[SourceVersionDate "2016.12.12"]
[SourceQuality "1"]

1. e4 e6 2. Nf3 d5 3. Nc3 d4 4. Ne2 c5 5. b4 Nc6 6. b5 Nce7 7. Ng3 Nf6 8. Be2 g6 9. 0-0 Bg7 10. Re1 0-0 11. Bc4 Nd7 12. d3 Nb6 13. Nd2 Nxc4 14. Nxc4 e5 15. f4 Qc7 16. Nxe5 Bxe5 17. fxe5 Qxe5 18. Bh6 Re8 19. Rf1 f5 20. Qf3 Qc7 21. Rae1 Be6 22. exf5 Bxf5 23. Ne4 Nd5 24. g4 Re5 25. gxf5 Rxf5 26. Qg3 Qd7 27. Rxf5 Qxf5 28. Rf1 Qh5 29. Qd6 Qxh6 30. Qxd5+ Kh8 31. Qe5+ Qg7 32. Qxg7+ Kxg7 33. Nd6 b6 34. Rf7+ Kg8 35. Re7 a6 36. a3 axb5 37. Nxb5 Ra5 38. Nd6 Rxa3 39. Nc4 Ra1+ 40. Kf2 b5 41. Nd6 Ra2 42. Re2 Rb2 43. Kf3 Kg7 44. Ne4 c4 45. Nd6 cxd3 46. cxd3 Rxe2 47. Kxe2 b4 48. Nb5 Kf6 49. Nxd4 g5 50. Kd2 h5 51. Ne2 h4 52. Kc2 g4 53. Kb3 Ke5 54. Kxb4 g3 55. Nxg3 Kd4 56. Nf5+ Kxd3 57. Nxh4 Ke4 58. Ng2 Kf5 59. h4 Kg6 60. Kc4 Kh5 61. Kd4 Kh6 62. Ke4 Kh5 63. Kf5 Kh6 64. Nf4 Kh7 65. Kg5 Kg7 66. h5 Kh7 67. h6 Kg8 68. Kg6 Kh8 69. Nh3 Kg8 70. Ng5 1-0

[Event "Braila Albulet Memorial (Women) 9th"]
[Site "Braila"]
[Date "2016.11.07"]
[Round "3"]
[White "Ciolacu, Alessia Mihaela"]
[Black "Popa, Catalina Elena"]
[Result "1/2-1/2"]
[WhiteElo "1695"]
[BlackElo "1785"]
[PlyCount "39"]
[EventDate "2016.11.05"]
[EventType "swiss"]
[EventRounds "9"]
[EventCountry "ROU"]
[SourceTitle "CBM 175 Extra"]
[Source "ChessBase"]
[SourceDate "2016.12.12"]
[SourceVersion "1"]
[SourceVersionDate "2016.12.12"]
[SourceQuality "1"]

1. d4 d5 2. c4 c6 3. cxd5 cxd5 4. Nf3 Nf6 5. Nc3 Nc6 6. Bf4 e6 7. a3 Be7 8. e3 0-0 9. Bd3 a6 10. Ne5 Nxe5 11. dxe5 Nd7 12. 0-0 b5 13. Ne2 Nb6 14. Nd4 Bd7 15. Rc1 Nc4 16. Rc2 Qb6 17. Qg4 Rfc8 18. h4 Bf8 19. h5 b4 20. axb4 1/2-1/2

[Event "ROM-ch U16 Girls"]
[Site "Calimanesti Caciulata"]
[Date "2016.04.24"]
[Round "8"]
[White "Panainte, Andreea Bianca"]
[Black "Popa, Catalina Elena"]
[Result "1/2-1/2"]
[WhiteElo "1718"]
[BlackElo "1681"]
[PlyCount "154"]
[EventDate "2016.04.18"]
[EventType "swiss"]
[EventRounds "9"]
[EventCountry "ROU"]
[SourceTitle "CBM 172 Extra"]
[Source "ChessBase"]
[SourceDate "2016.06.21"]
[SourceVersion "1"]
[SourceVersionDate "2016.06.21"]
[SourceQuality "1"]

1. e4 c6 2. c4 d5 3. exd5 cxd5 4. cxd5 Qxd5 5. Nc3 Qd8 6. d4 g6 7. Bc4 Bg7 8. Nf3 Nf6 9. 0-0 0-0 10. h3 Qc7 11. Qe2 a6 12. Bg5 Nbd7 13. Rac1 e6 14. Rfd1 Qb8 15. d5 exd5 16. Nxd5 Nxd5 17. Bxd5 Nf6 18. Bb3 Re8 19. Qc2 Bf5 20. Qc7 Be6 21. Bxe6 Rxe6 22. Bxf6 Bxf6 23. Rd7 Qe8 24. Qxb7 Rb8 25. Qd5 Rxb2 26. Rdc7 Rb8 27. R7c6 Rxc6 28. Qxc6 Bb2 29. Qxe8+ Rxe8 30. Rc2 Bg7 31. Kf1 Kf8 32. Rc5 Re6 33. Rc8+ Ke7 34. Ng5 Rf6 35. Rc7+ Ke8 36. Nxh7 Rf5 37. g4 Ra5 38. Rc2 Bd4 39. Re2+ Kd7 40. Rd2 Ra4 41. Ng5 Ke7 42. Re2+ Kf6 43. h4 Bb6 44. f3 Ra3 45. Kg2 Be3 46. Ne4+ Kg7 47. Rc2 Bf4 48. Nc3 Be5 49. Ne4 Bf4 50. Ng3 Be5 51. h5 Bf4 52. hxg6 fxg6 53. Ne2 Be3 54. Rc3 Rxc3 55. Nxc3 g5 56. Kf1 a5 57. Ke2 Bc1 58. Kd3 Kf6 59. Ke4 Bd2 60. Nd5+ Kg6 61. a4 Bc1 62. Ke5 Bd2 63. Ke6 Bc1 64. Ne7+ Kh6 65. Nc6 Bd2 66. Kd5 Kg6 67. Kc5 Kf6 68. Kb5 Be1 69. Nxa5 Ke5 70. Nb3 Kf4 71. Nd4 Bf2 72. Ne6+ Kxf3 73. Nxg5+ Kxg4 74. Ne4 Be1 75. Nf6+ Kf5 76. Nd5 Ke5 77. Nb6 Kd6 1/2-1/2

[Event "ROM-ch U16 Girls"]
[Site "Calimanesti Caciulata"]
[Date "2016.04.19"]
[Round "2"]
[White "Jakab, Kincso"]
[Black "Popa, Catalina Elena"]
[Result "1-0"]
[WhiteElo "1869"]
[BlackElo "1681"]
[PlyCount "67"]
[EventDate "2016.04.18"]
[EventType "swiss"]
[EventRounds "9"]
[EventCountry "ROU"]
[SourceTitle "CBM 172 Extra"]
[Source "ChessBase"]
[SourceDate "2016.06.21"]
[SourceVersion "1"]
[SourceVersionDate "2016.06.21"]
[SourceQuality "1"]

1. e4 c6 2. d4 d5 3. Nc3 g6 4. Be3 Bg7 5. Qd2 h5 6. f3 Nh6 7. h3 dxe4 8. fxe4 Qa5 9. Nf3 Nd7 10. Bc4 Nf8 11. Ng5 f6 12. Nf3 Be6 13. Bxe6 Nxe6 14. 0-0 0-0-0 15. Qf2 Nc7 16. a3 Qa6 17. b3 g5 18. Na4 b6 19. c4 g4 20. Nh4 gxh3 21. gxh3 Rhg8 22. Kh1 Qb7 23. Rad1 Kb8 24. d5 cxd5 25. cxd5 e6 26. Bf4 exd5 27. Bxc7+ Kxc7 28. Qf4+ Kc8 29. Rc1+ Kd7 30. Rfd1 Ke6 31. Rc7 Qa8 32. exd5+ Rxd5 33. Qe4+ Kd6 34. Qe7# 1-0

[Event "ROM-ch U14 Girls"]
[Site "Calimanesti"]
[Date "2015.04.03"]
[Round "6"]
[White "Bucur, Denisa Andreea"]
[Black "Popa, Catalina Elena"]
[Result "1/2-1/2"]
[WhiteElo "1693"]
[BlackElo "1555"]
[PlyCount "78"]
[EventDate "2015.03.30"]
[EventType "swiss"]
[EventRounds "9"]
[EventCountry "ROU"]
[SourceTitle "CBM 165 Extra"]
[Source "ChessBase"]
[SourceDate "2015.04.21"]
[SourceVersion "1"]
[SourceVersionDate "2015.04.21"]
[SourceQuality "1"]

1. e4 c6 2. d4 d5 3. exd5 cxd5 4. c4 Nf6 5. Nc3 Nc6 6. Nf3 e6 7. a3 Be7 8. Bd3 dxc4 9. Bxc4 0-0 10. 0-0 a6 11. Re1 Qc7 12. Bb3 Rd8 13. Bc2 h6 14. Qd3 b5 15. b4 Bb7 16. Bb2 Rac8 17. Rad1 Nb8 18. Bb3 Nd5 19. Ne4 Nf4 20. Qe3 Bxe4 21. Qxe4 Bf6 22. Rc1 Qd6 23. Rc5 Nd7 24. Rxc8 Rxc8 25. Bc1 Ng6 26. h4 Qc6 27. d5 exd5 28. Bxd5 Qd6 29. Bb7 Rb8 30. Bc6 Bc3 31. Rf1 Nf6 32. Qc2 Qxc6 33. Bb2 Rc8 34. Rc1 Nd5 35. Nd4 Qf6 36. Ne2 Nxh4 37. Bxc3 Nxc3 38. Nxc3 Qc6 39. f3 Qg6 1/2-1/2